00335nam a2200121Ia 4500008004100000041000800041082001600049100001700065245003600082260003500118300001800153520004200171240719s9999 xx 000 0 und d aeng a658.452 DAS aDas, Sandeep aHow Business Storytelling Works aLondonbPENGUIN BUSINESSc2023 a247; p. 22 cm aFaculty purchase by Dr. S. Maheswaran